书目信息 |
| 题名: |
建筑方案设计图册(下)
|
|
| 作者: | 邵松 著 | |
| 分册: | ||
| 出版信息: | 北京 中国建筑工业出版社 1998.04 |
|
| 页数: | 404页 | |
| 开本: | 16开 | |
| 丛书名: | ||
| 单 册: | ||
| 中图分类: | ||
| 科图分类: | ||
| 主题词: | 建筑设计 | |
| 电子资源: | ||
| ISBN: | 7-112-03456-6 | |
| 000 | 00577nam0 2200205 45 | |
| 001 | 9911181571 | |
| 005 | 20010108163204.0 | |
| 010 | @a7-112-03456-6@d58.00元 | |
| 100 | @a19991118d1998 km y0chiy0120 ea | |
| 101 | @achi | |
| 105 | @a z 000yy | |
| 200 | 1 | @a建筑方案设计图册(下)@AJian Zhu Fang An She Ji TuCe(Xia)@f邵松著@FShao Song Zhu |
| 210 | @a北京@c中国建筑工业出版社@d1998.04 | |
| 215 | @a404页@d16开 | |
| 606 | 0 | @a建筑设计 |
| 690 | @v3 | |
| 690 | @aTU201-64@v3 | |
| 701 | @a邵松@4著 | |
| 801 | @aCN@bPFTUser@c19991118 | |
| 905 | @dTU201-64@eSH:304:2@b519932-936@f5 | |
| 建筑方案设计图册(下)/邵松著.-北京:中国建筑工业出版社,1998.04 |
| 404页;16开 |
| ISBN 7-112-03456-6:58.00元 |
| ● |
| 相关链接 |
|
|
|
正题名:建筑方案设计图册(下)
索取号:TU201-64/SH:304:2
 
预约/预借
| 序号 | 登录号 | 条形码 | 馆藏地/架位号 | 状态 | 备注 |
| 1 | 519932 | 205199328 | 建筑库101/ [索取号:TU201-64/SH:304:2] | 在馆 | |
| 2 | 519933 | 205199337 | 自科二线404/404自科库 21排5列1层/ [索取号:TU201-64/SH:304:2] | 在馆 | |
| 3 | 519934 | 205199346 | 自科二线404/404自科库 21排5列1层/ [索取号:TU201-64/SH:304:2] | 在馆 | |
| 4 | 519935 | 205199355 | 建筑库101/101建筑库 33排1列1层/ [索取号:TU201-64/SH:304:2] | 在馆 | |
| 5 | 519936 | 205199364 | 建筑库101/101建筑库 33排1列1层/ [索取号:TU201-64/SH:304:2] | 在馆 |